000 01056 a2200253 4500
999 _c10235
_d10235
020 _a9780470688311 (pbk.)
020 _a9780470973851 (ebk.)
020 _a9780470971628 (ebk.)
020 _a9780470971611 (ebk.)
050 0 0 _aHF5681.B2
100 1 _aDick, Wolfgang,
_d1965-
245 1 0 _aWiley financial reporting under IFRS :
_ba topic based approach /
_cWolfgang Dick, Franck Missonier-Piera.
264 _aChichester :
_bJohn Wiley & Sons,
_c2010
300 _axi, 344 p. :
_bill. ;
500 _awith table of contents
504 _aIncludes bibliographical references and index.
650 0 _aFinancial statements.
650 0 _aAccounting
_xStandards.
650 0 _aInternational finance.
700 1 _aMissionier-Piera, Franck.
856 4 2 _3Cover image
_uhttp://catalogimages.wiley.com/images/db/jimages/9780470688311.jpg
942 _2lcc
_cBK
_h5681.B2
_iDIC
_kHF